Loading...
Saraswatheevijayam
| Main Author: | |
|---|---|
| Format: | Printed Book |
| Published: |
Thiruvananthapuram
Chintha Publishers
2013
|
| Edition: | 2nd |
| Series: | Novel Pazhama - 9
|
| Subjects: |
| LEADER | 00592nam a22001937a 4500 | ||
|---|---|---|---|
| 020 | |a 93-82808-69-8 | ||
| 082 | |a M3 |b KUN/S | ||
| 100 | |a Kunjambu Pothery | ||
| 245 | |a Saraswatheevijayam | ||
| 250 | |a 2nd | ||
| 260 | |a Thiruvananthapuram |b Chintha Publishers |c 2013 | ||
| 300 | |a 120p. | ||
| 490 | |a Novel Pazhama - 9 | ||
| 650 | |a Novel Malayalam | ||
| 650 | |a Literature Malayalam | ||
| 650 | |a Literature | ||
| 942 | |c BK | ||
| 999 | |c 54274 |d 54274 | ||
| 952 | |0 0 |1 0 |4 0 |6 M_3_000000000000000_KUN_S |7 0 |9 78112 |a SSUS |b SSUS |c STACKS |d 2015-07-06 |g 85.00 |l 7 |o M3 KUN/S |p 077246 |r 2020-11-05 |s 2020-09-28 |w 2015-07-06 |y BK | ||